000 00376nam a22001571a 4500
020 _a9788181436375
082 _aH4
_bMAD/R
100 _aMadhukar Upadhyaya
245 _aRamkahani sitaram/
_cby Madhukar Upadhyaya
260 _aNew Delhi:
_bVani ,
_c2007.
300 _a152p.
650 _aEssays Hindi
650 _aLiterature Hindi
650 _aLiterature
942 _cBK
999 _c37333
_d37333